Top 10 Football / Soccer Teams Leading (Revenue Generating) Clubs - Statistics

General Stats
  • This quiz has been taken 206 times
    136 since last reset
  • The average score is 9 of 10
Answer Stats
Hint Answer % Correct
No. 2 Barcelona
100%
No. 3 Manchester United
100%
No. 1 Real Madrid
99%
No. 5 Manchester City
94%
No. 8 Chelsea
92%
No. 7 Liverpool
92%
No. 9 Arsenal
91%
No. 4 Bayern Munich
91%
No. 6 Paris St-Germain
86%
No. 10 Tottenham Hotspur
69%
No matching quizzes found
Score Distribution
Percent of People with Each Score
Percentile by Number Answered
Your Score History
You have not taken this quiz since the last reset